German Football Logos - Random - Statistics

General Stats
  • This quiz has been taken 326 times
  • The average score is 10 of 12
Answer Stats
Picture Answer % Correct
1. FC Köln
100%
Hamburger SV
100%
SC Freiburg
100%
TSG Hoffenheim
100%
VfL Wolfsburg
100%
Hannover 96
98%
1. FSV Mainz 05
97%
Bayer Leverkusen
97%
Borussia Dortmund
97%
FC St. Pauli
97%
VfL Bochum 1848
97%
VfB Stuttgart
94%
1. FC Heidenheim
93%
Eintracht Frankfurt
93%
FC Bayern München
93%
Borussia M'gladbach
92%
Hertha BSC
92%
Schalke 04
92%
FC Augsburg
91%
RB Leipzig
91%
1. FC Magdeburg
90%
SV Darmstadt 98
90%
DSC Arminia Bielefeld
89%
1. FC Kaiserslautern
88%
1. FC Union Berlin
88%
FC Energie Cottbus
88%
SV Werder Bremen
88%
Dynamo Dresden
87%
FC Ingolstadt 04
85%
TSV 1860 München
85%
SC Paderborn 07
84%
Hansa Rostock
83%
VfL Osnabrück
83%
Eintracht Braunschweig
80%
SC Preußen Münster
80%
Holstein Kiel
78%
SPVGG Greuther Fürth
78%
Fortuna Düsseldorf
77%
SV Wehen Wiesbaden
76%
SV Sandhausen
75%
Alemannia Aachen
74%
Karlsruher SC
72%
1. FC Nürnberg
71%
1. FC Saarbrücken
71%
FC Erzgebirge Aue
71%
Rot-Weiss Essen e.V.
68%
SSV Ulm
68%
1. FC Lokomotive Leipzig
63%
FC Carl Zeiss Jena
63%
FSV Zwickau
63%
SV Waldhof Mannheim 07
63%
SSV Jahn Regensburg
62%
FC Viktoria Köln 1904
61%
SV Elversberg
58%
Hallescher FC
56%
Kickers Offenbach
54%
BSG Chemie Leipzig
50%
SV Meppen 1912 e.V.
48%
SV Stuttgarter Kickers e.V.
48%
FC Würzburger Kickers
47%
MSV Duisburg
45%
Chemnitzer FC
34%
No matching quizzes found
Score Distribution
Percent of People with Each Score
Percentile by Number Answered
Your Score History
You have not taken this quiz